| 000 | 01076nam a2200241 a 4500 | ||
|---|---|---|---|
| 008 | 120416s1994 ||||||||||||||||| || u | ||
| 020 | _a088936723X | ||
| 050 | _aHD 9017.A312 Foo | ||
| 100 | _aVernooy, Ronnie, 1963- | ||
| 245 | 1 | 0 |
_aFood systems under stress in Africa : African-Canadian research cooperation : proceedings of a workshop held in Ottawa, Ontario, Canada, 7-8 November 1993 / _cedited by Ronnie Vernooy |
| 246 | _aAfrican-Canadian research cooperation | ||
| 260 |
_aOttawa, ON _bIDRC _c1994 |
||
| 300 | _axv, 172p. : ill. | ||
| 350 | _a0.00 | ||
| 500 | _a'March 1994'--T.p. verso. -Includes bibliographical references. | ||
| 650 | _aAGRICULTURE--AFRICA--CONGRESSES | ||
| 650 | _aAGRICULTURAL ASSISTANCE,CANADIAN | ||
| 650 | _aFOOD | ||
| 650 | _aFOOD SUPPLY--DEVELOPING COUNTRIES--CONGRESSES | ||
| 700 | _aKealey, K. M | ||
| 710 | _aInternational Development Research Centre (Canada) | ||
| 995 |
_D0.00 _FCBU-MAIN LIBRARY (Kitwe) _H1 _I20.00 _M1 _UAVAILABLE _ZAnnex Low-Usage Collection |
||
| 999 |
_c43693 _d43693 |
||